Delimiting leisure and culture (Record no. 76209)

MARC details
000 -LEADER
fixed length control field 01115cab a2200193 4500
001 - CONTROL NUMBER
control field ##L131634
008 - FIXED-LENGTH DATA ELEMENTS--GENERAL INFORMATION
fixed length control field 051121n2005 000 0 eng u
035 ## - SYSTEM CONTROL NUMBER
System control number (Sirsi) u131634
041 0# - LANGUAGE CODE
Language code of text/sound track or separate title eng
100 1# - MAIN ENTRY--PERSONAL NAME
Personal name Ravenscroft, Neil
245 00 - TITLE STATEMENT
Title Delimiting leisure and culture
Remainder of title towards a new definition of leisure property
260 ## - PUBLICATION, DISTRIBUTION, ETC.
Date of publication, distribution, etc. 2005
490 #0 - SERIES STATEMENT
Series statement Journal of Retail and Leisure Property
Volume/sequential designation 4(4) 2005, 313-323(11)
520 ## - SUMMARY, ETC.
Summary, etc. Argues that while leisure has gained increasing recognition as a property sector, the definition of this sector has been narrowed to such an extent that it is now hard to distinguish from the retail sector. Using Pratt's cultural production model allied to the Standard Industrial Classification system, the paper suggests that, unlike retail, leisure activity represents a nexus between production, distribution, reproduction and consumption that is currently not reflected by common understandings of leisure property. [Taken from journal abstract.]
590 ## - LOCAL NOTE (RLIN)
Local note IKA221105
690 ## - LOCAL SUBJECT ADDED ENTRY--TOPICAL TERM (OCLC, RLIN)
Topical term or geographic name as entry element PROPERTY-COMMERCIAL PROPERTY-LEISURE PROPERTY
700 1# - ADDED ENTRY--PERSONAL NAME
Personal name Gilchrist, Paul
942 ## - ADDED ENTRY ELEMENTS (KOHA)
Suppress in OPAC 0
Holdings
Withdrawn status Lost status Source of classification or shelving scheme Damaged status Not for loan Home library Current library Shelving location Date acquired Total Checkouts Full call number Barcode Date last seen Copy number Price effective from Koha item type
    Dewey Decimal Classification     London London Journal article 21/11/2005   L131634 131634-1001 06/08/2019 1 06/08/2019 Journal article